000
00258nam a22001097a 4500
008
170125b xxu||||| |||| 00| 0 eng d
020
_a
9780323014595
041
_a
eng
080
_2
5TH
_a
618.2
245
_a
NURSING DIAGNOSIS HANDBOOK
_c
ACKLEY
942
_2
udc
_c
BK
999
_c
3572
_d
3572